| 000 | 00387nam a2200121Ia 4500 | ||
|---|---|---|---|
| 005 | 20251222152004.0 | ||
| 008 | 251222s9999||||xx |||||||||||||| ||spa|| | ||
| 082 | _a333.714.85/L88E | ||
| 100 | _aLépez S., Gabriela | ||
| 245 | 0 | _a"Plan de manejo participativo del Péramo del sector espíndola de la comunidad campesina de Samanga, Ayabaca, Piura" | |
| 264 | _bSan Marcos | ||
| 942 | _cLIB | ||
| 999 |
_c24664 _d24664 |
||